Fourteen Byzantine rulers (Record no. 327)
[ view plain ]
| 000 -LEADER | |
|---|---|
| fixed length control field | 00984 am a2200313 x 4500 |
| 001 - CONTROL NUMBER | |
| control field | 1185034 |
| 008 - FIXED-LENGTH DATA ELEMENTS--GENERAL INFORMATION | |
| fixed length control field | 791221r19791966enkbj w 00110 eng |
| 015 ## - NATIONAL BIBLIOGRAPHY NUMBER | |
| National bibliography number | B8000986 |
| 020 ## - INTERNATIONAL STANDARD BOOK NUMBER | |
| International Standard Book Number | 0140441697 |
| 043 00 - GEOGRAPHIC AREA CODE | |
| Geographic area code | mm----- |
| 049 00 - LOCAL HOLDINGS (OCLC) | |
| Holding library | SA |
| Copy statement | BL |
| Definition of bibliographic subdivisions | 810522 |
| 082 00 - DEWEY DECIMAL CLASSIFICATION NUMBER | |
| Classification number | 949.5/02 |
| Edition information | 18 |
| 087 00 - REPORT NUMBER [OBSOLETE, CAN/MARC] | |
| Report number [OBSOLETE, CAN/MARC] | X.708/22188 |
| 100 10 - MAIN ENTRY--PERSONAL NAME | |
| Personal name | Psellus, Michael, |
| Dates associated with a name | 1018-1096. |
| 240 40 - UNIFORM TITLE | |
| Uniform title | Chronographia |
| Language of a work | English |
| 245 10 - TITLE STATEMENT | |
| Title | Fourteen Byzantine rulers |
| Remainder of title | the 'Chronographia' of Michael Psellus |
| Statement of responsibility, etc. | translated [from the Greek] with an introduction by E.R.A. Sewter |
| 250 00 - EDITION STATEMENT | |
| Edition statement | Revised ed |
| 260 ## - PUBLICATION, DISTRIBUTION, ETC. | |
| Place of publication, distribution, etc. | Harmondsworth |
| Name of publisher, distributor, etc. | Penguin |
| Date of publication, distribution, etc. | 1979 |
| 300 ## - PHYSICAL DESCRIPTION | |
| Extent | 397p |
| Dimensions | 19cm |
| Accompanying material | pbk |
| 350 00 - PRICE (NR) (BK AM CF MU VM SE) [OBSOLETE] | |
| Price | £1.95 |
| 440 04 - SERIES STATEMENT/ADDED ENTRY--TITLE | |
| Title | The Penguin classics |
| 9 (RLIN) | 1644 |
| 500 ## - GENERAL NOTE | |
| General note | Revised ed. of this translation originally published: 1966 |
| 504 00 - BIBLIOGRAPHY, ETC. NOTE | |
| Bibliography, etc. note | Bibliography: p.381-382. - Includes index |
| 651 #0 - SUBJECT ADDED ENTRY--GEOGRAPHIC NAME | |
| Geographic name | Byzantine Empire |
| General subdivision | History. |
| 700 11 - ADDED ENTRY--PERSONAL NAME | |
| Personal name | Sewter, E. R. A. |
| 942 ## - ADDED ENTRY ELEMENTS (KOHA) | |
| Source of classification or shelving scheme | Dewey Decimal Classification |
| Koha item type | Books |
| 956 ## - LOCAL ELECTRONIC LOCATION AND ACCESS (OCLC) | |
| Host name | NLS |
| Withdrawn status | Lost status | Damaged status | Not for loan | Collection | Home library | Current library | Shelving location | Date acquired | Barcode | Date last seen | Price effective from | Koha item type |
|---|---|---|---|---|---|---|---|---|---|---|---|---|
| Reference | Fairview | Fairview | General stacks | 09/04/2014 | 39999000014297 | 09/04/2014 | 09/04/2014 | Books |